000 00984nmm a2200277 a 4500
001 ocm000584471
003 TR-IsHL
005 20201028133800.0
008 131121s1992 tu tur
007 cr cn
020 _a9789754980608
035 _a584471
_b(N$T)
050 0 4 _aPL248.M764
_bM35 1992
090 0 4 _aPL248.M764
_bM35 1992
100 1 _aErzincani, Pir Muhammed Bahaeddin
245 1 0 _aMakamatu'l-arifin ve maarifü's-salikin
_h[electronic resource] /
_cPir Muhammed Bahaeddin Erzincani ; haz. Necdet Okumuş
260 _aİstanbul :
_bTürk Dünyası Araştırmaları Vakfı Yayınları,
_c1992
300 _a128 p.
650 4 _aDil ve Edebiyat
650 4 _aLanguage and Literature
650 0 _aTasavvuf şiiri, Türk
650 0 _aSufi poetry, Turkish
650 7 _aLITERARY COLLECTIONS / Middle Eastern
_2bisacsh
700 1 _aOkumuş, Necdet
856 4 0 _uhttp://search.ebscohost.com/login.aspx?direct=true&scope=site&db=e011xww&AN=584471
999 _c5832
_d5832